| 000 | 00994nam a2200277Ia 4500 | ||
|---|---|---|---|
| 003 | OSt | ||
| 005 | 20221007125126.0 | ||
| 006 | a|||||r|||| 00| 0 | ||
| 007 | ta | ||
| 008 | 221006b |||||||| |||| 00| 0 eng d | ||
| 020 |
_a0471185450 (hbd) _c _ 89.95 |
||
| 024 | _a4620 | ||
| 037 |
_bEBA, _cTextual |
||
| 040 |
_aCDL _cCDL _beng |
||
| 041 |
_2eng _aeng |
||
| 082 | _aLZ3:(E), N7 | ||
| 100 | _aGringauz Alex | ||
| 245 | 0 | _aIntroduction to medicinal chemistry: how drugs act and why by Alex Gringauz | |
| 260 |
_aNew _bYork Wiley-VCH _c1997 |
||
| 300 |
_axiii,721p _ccm. |
||
| 500 | _aIncludes bibliographical references; Index 699-721p; ^n23/CSL/Carc/97-98/4822,4823^d1997-11-97^mPurchase; ; 97-98/165^b1997-12-08^cEBA/137/97-98^d1997-12-02^eEducational Book Agency (India); ; 1997-12-24^bSB^c1997-12-15^dSB^r1998-02-17 | ||
| 650 | _a Chemistry | ||
| 650 | _aPharmacology | ||
| 942 |
_hLZ3:(E), N7 _cTEXL _2CC |
||
| 999 |
_c1214728 _d1214728 |
||